[Event "GER-chT U10"]
[Site "Magdeburg"]
[Date "2012.12.29"]
[Round "7.4"]
[White "Ribbentrop, Emil"]
[Black "Meurer, Calvin"]
[Result "1-0"]
[WhiteElo "775"]
[BlackElo "771"]
[PlyCount "27"]
[EventDate "2012.12.27"]
[EventType "team-swiss"]
[EventRounds "7"]
[EventCountry "GER"]
[SourceTitle "EXT 2014"]
[Source "ChessBase"]
[SourceDate "2013.11.20"]
[SourceVersion "1"]
[SourceVersionDate "2013.11.20"]
[SourceQuality "1"]
[WhiteTeam "Luebeck"]
[BlackTeam "Doellnitz"]
[WhiteTeamCountry "GER"]
[BlackTeamCountry "GER"]

1. e4 d5 2. exd5 Qxd5 3. Nc3 Qa5 4. Bc4 c6 5. Nf3 e5 6. 0-0 Bd6 7. d3 Nf6 8. h3 0-0 9. Bg5 Nbd7 10. a3 Nd5 11. Bxd5 cxd5 12. b4 Qc7 13. Nxd5 Be7 14. Bxe7 1-0